[Event "Frankfurt Ch 2014"]
[Site "Ffm-Höchst, BiKuZ"]
[Date "2014.05.26"]
[Round "5.1"]
[White "Stockmann, Michael"]
[Black "Poetsch, Hagen"]
[Result "0-1"]
[WhiteElo "2181"]
[BlackElo "2463"]
[PlyCount "48"]
[EventDate "2014.??.??"]
[WhiteTeam "Sfr. Schöneck"]
[BlackTeam "Sfr. Schöneck"]

1. d4 Nf6 2. Nf3 b6 3. Bg5 Ne4 4. Bh4 Bb7 5. Nbd2 g6 6. Nxe4 Bxe4 7. Nd2 Bb7 8.
e4 Bg7 9. c3 O-O 10. Bd3 d5 11. exd5 Qxd5 12. Be4 Qe6 13. Qb3 Bxe4 14. Qxe6
fxe6 15. Nxe4 Rf4 16. Ng5 Rxh4 17. O-O Nd7 18. Nxe6 c5 19. Rfe1 Bf6 20. g3 Rh6
21. d5 Ne5 22. Kg2 Nd3 23. Re2 c4 24. Rd1 Rh5 0-1

[Event "Frankfurt Ch 2014"]
[Site "Ffm-Höchst, BiKuZ"]
[Date "2014.05.26"]
[Round "5.2"]
[White "Khenkin, Igor"]
[Black "Legde, Georg"]
[Result "1-0"]
[WhiteElo "2550"]
[BlackElo "2292"]
[PlyCount "51"]
[EventDate "2014.??.??"]
[WhiteTeam "Wiesbadener SV 1885"]
[BlackTeam "SK 1858 Gießen"]

1. d4 Nf6 2. c4 e6 3. Nf3 Bb4+ 4. Nbd2 c5 5. e3 cxd4 6. exd4 d5 7. c5 O-O 8. a3
Bxd2+ 9. Bxd2 a5 10. b4 axb4 11. axb4 Rxa1 12. Qxa1 Ne4 13. Bf4 Nc6 14. b5 Na5
15. Bd3 g5 16. Be3 f6 17. O-O Bd7 18. Qa4 b6 19. Ra1 Be8 20. cxb6 Nb7 21. Qa6
Nbd6 22. Bc1 Nc3 23. Ba3 Bxb5 24. Qa5 Bxd3 25. Qxc3 Bc4 26. Qb4 1-0

[Event "Frankfurt Ch 2014"]
[Site "Ffm-Höchst, BiKuZ"]
[Date "2014.05.26"]
[Round "5.3"]
[White "Reschke, Stefan"]
[Black "Koch, Markus"]
[Result "1/2-1/2"]
[WhiteElo "2319"]
[BlackElo "2070"]
[PlyCount "75"]
[EventDate "2014.??.??"]
[WhiteTeam "SV Oberursel"]
[BlackTeam "SC Brett vorm Kopp Ffm"]

1. g3 Nf6 2. Bg2 d5 3. c4 c6 4. Qb3 e6 5. Nf3 Nbd7 6. O-O Be7 7. d4 O-O 8. Rd1
b6 9. Nc3 Ba6 10. cxd5 cxd5 11. Ne5 Nxe5 12. dxe5 Ng4 13. Qa4 Bc4 14. b3 b5 15.
Qa6 b4 16. bxc4 bxc3 17. cxd5 Bc5 18. e3 Nxe5 19. Ba3 c2 20. Rdc1 Bxa3 21. Qxa3
Rc8 22. f4 Nc4 23. Qxa7 exd5 24. Rxc2 Ra8 25. Qd4 Ra3 26. e4 Ne3 27. Rd2 Qc8
28. exd5 Nc2 29. Rxc2 Qxc2 30. Be4 Qe2 31. d6 Rxa2 32. Rxa2 Qxa2 33. d7 Qa5 34.
Bc6 h6 35. h4 Rb8 36. Qd6 Qb6+ 37. Kg2 h5 38. Kh3 1/2-1/2

[Event "Frankfurt Ch 2014"]
[Site "Ffm-Höchst, BiKuZ"]
[Date "2014.05.26"]
[Round "5.4"]
[White "Rüger, Erhard"]
[Black "Heinatz, Thomas"]
[Result "0-1"]
[WhiteElo "2019"]
[BlackElo "2309"]
[PlyCount "84"]
[EventDate "2014.??.??"]
[WhiteTeam "SC Brett vorm Kopp Ffm"]
[BlackTeam "Sfr. Schöneck"]

1. Nf3 c5 2. g3 Nc6 3. c4 g6 4. Bg2 Bg7 5. Nc3 e5 6. O-O Nge7 7. d3 O-O 8. Bd2
h6 9. Ne1 d6 10. Nc2 Be6 11. a3 Rb8 12. b4 Nd4 13. Ne3 Kh7 14. Ned5 a6 15. Rb1
cxb4 16. Rxb4 Nxd5 17. Nxd5 Bg4 18. Re1 Qd7 19. Bc3 b5 20. Ne3 Be6 21. Qb1 Rbc8
22. Bxd4 exd4 23. Nd5 Rc5 24. Rc1 bxc4 25. dxc4 Bf5 26. Qb3 Qe6 27. Nf4 Qf6 28.
Nd3 Rc7 29. Rb6 a5 30. Nf4 Rc5 31. Nd3 Rcc8 32. Nf4 Qd8 33. Nd5 Re8 34. Bf3 g5
35. Rb7 Bg6 36. Qb5 g4 37. Bg2 Rxe2 38. Nf4 Re5 39. Bd5 d3 40. Rd1 Qg5 41. Qd7
Rce8 42. Ne6 R8xe6 0-1

[Event "Frankfurt Ch 2014"]
[Site "Ffm-Höchst, BiKuZ"]
[Date "2014.05.26"]
[Round "5.5"]
[White "Geske, Julian"]
[Black "Biegel, Thomas"]
[Result "1-0"]
[WhiteElo "2347"]
[BlackElo "1975"]
[PlyCount "103"]
[EventDate "2014.??.??"]
[WhiteTeam "Wiesbadener SV 1885"]
[BlackTeam "SC Steinbach"]

1. c4 c6 2. Nc3 d5 3. e3 Nf6 4. Nf3 a6 5. d4 Bg4 6. Qb3 Ra7 7. a4 e6 8. Ne5 Bf5
9. Be2 Bd6 10. g4 Be4 11. f3 Bg6 12. h4 h6 13. Nxg6 fxg6 14. Qc2 Kf7 15. Bd3 g5
16. Qg2 Nbd7 17. hxg5 hxg5 18. Rxh8 Qxh8 19. Bd2 Qh2 20. Kf1 Qxg2+ 21. Kxg2 Ra8
22. Ne2 Rh8 23. Rh1 Rxh1 24. Kxh1 g6 25. Ng1 Nh7 26. Nh3 Bg3 27. Kg2 Bd6 28.
Kf2 Kf6 29. Ke2 e5 30. cxd5 cxd5 31. Bc2 exd4 32. exd4 Be7 33. Bb3 Ke6 34. f4
Bd6 35. fxg5 Nb8 36. Bc2 Nf8 37. Nf4+ Bxf4 38. Bxf4 Nc6 39. Ke3 Ne7 40. Kd2 Kd7
41. Kc3 Ne6 42. Be5 Nxg5 43. Bf6 Ne4+ 44. Bxe4 dxe4 45. Bxe7 Kxe7 46. Kd2 Kd6
47. Ke3 b5 48. axb5 axb5 49. Kxe4 b4 50. b3 Ke6 51. g5 Kd6 52. d5 1-0

[Event "Frankfurt Ch 2014"]
[Site "Ffm-Höchst, BiKuZ"]
[Date "2014.05.26"]
[Round "5.6"]
[White "Meyer, Stefan"]
[Black "Isserman, Ryhor"]
[Result "1/2-1/2"]
[WhiteElo "2013"]
[BlackElo "2270"]
[PlyCount "32"]
[EventDate "2014.??.??"]
[WhiteTeam "SAbt TuS Dotzheim"]
[BlackTeam "SK Bad Homburg 1927"]

1. c4 e5 2. g3 c6 3. d4 e4 4. Nc3 f5 5. h4 Nf6 6. Nh3 Na6 7. Qb3 d6 8. Bg2 Be7
9. Bf4 Nc7 10. O-O-O d5 11. Bxc7 Qxc7 12. cxd5 Nxd5 13. Nxd5 cxd5+ 14. Kb1 Qc4
15. Nf4 Qxb3 16. axb3 Bd6 1/2-1/2

[Event "Frankfurt Ch 2014"]
[Site "Ffm-Höchst, BiKuZ"]
[Date "2014.05.26"]
[Round "5.7"]
[White "Minor, Samuel"]
[Black "Roggensack, Hans Peter"]
[Result "1-0"]
[WhiteElo "2186"]
[BlackElo "1955"]
[PlyCount "125"]
[EventDate "2014.??.??"]
[WhiteTeam "Wiesbadener SV 1885"]
[BlackTeam "SF Frankfurt 1921"]

1. e4 e5 2. Nf3 Nf6 3. Nxe5 d6 4. Nf3 Nxe4 5. Nc3 Nxc3 6. dxc3 Be7 7. Bf4 Nc6
8. Qd2 Be6 9. Ng5 Bxg5 10. Bxg5 Qd7 11. Be2 O-O 12. O-O-O Bxa2 13. b3 a5 14.
Kb2 a4 15. Ra1 axb3 16. cxb3 Bxb3 17. Kxb3 Qe6+ 18. Kb2 Na5 19. Ra3 Rfe8 20.
Be3 h6 21. Rha1 Nb3 22. Qd1 Nxa1 23. Qxa1 Rxa3 24. Qxa3 c6 25. Qb3 Qd7 26. Qa4
b5 27. Qg4 Qe6 28. Qxe6 fxe6 29. Kb3 Kf8 30. f4 Ra8 31. h4 Ra1 32. Bg4 c5 33.
Kb2 Ra4 34. Bd2 Ke7 35. Be2 Ra5 36. g4 e5 37. f5 Ra4 38. Bf3 Rc4 39. Kb3 e4 40.
Bd1 Kf6 41. Bf4 d5 42. Be2 e3 43. Bxc4 bxc4+ 44. Kc2 d4 45. h5 d3+ 46. Kd1 e2+
47. Kd2 Kf7 48. Be5 Kg8 49. Bd6 Kf7 50. Bxc5 Kf6 51. Be3 Kf7 52. g5 hxg5 53.
Bxg5 Kg8 54. f6 gxf6 55. Bxf6 Kh7 56. Bg5 Kg7 57. Ke1 Kf7 58. Bd2 Kf6 59. Kf2
Kf5 60. Kf3 e1=Q 61. Bxe1 Kg5 62. Ke4 Kxh5 63. Kd4 1-0

[Event "Frankfurt Ch 2014"]
[Site "Ffm-Höchst, BiKuZ"]
[Date "2014.05.26"]
[Round "5.8"]
[White "Kuhn, Gerhard"]
[Black "Chandler, Patrick"]
[Result "1/2-1/2"]
[WhiteElo "1947"]
[BlackElo "2135"]
[PlyCount "24"]
[EventDate "2014.??.??"]
[WhiteTeam "SK Marburg 1931/72"]
[BlackTeam "Sfr. Schöneck"]

1. e4 Nf6 2. Nc3 d5 3. e5 d4 4. exf6 dxc3 5. fxg7 cxd2+ 6. Qxd2 Qxd2+ 7. Bxd2
Bxg7 8. O-O-O Nc6 9. Bb5 O-O 10. Bxc6 bxc6 11. Ne2 Ba6 12. Rhe1 e6 1/2-1/2

[Event "Frankfurt Ch 2014"]
[Site "Ffm-Höchst, BiKuZ"]
[Date "2014.05.26"]
[Round "5.9"]
[White "Mager, Denis"]
[Black "Rolf, Marco"]
[Result "1-0"]
[WhiteElo "2133"]
[BlackElo "1872"]
[PlyCount "53"]
[EventDate "2014.??.??"]
[WhiteTeam "SAbt TuS Makkabi Ffm"]
[BlackTeam "SK Bad Homburg 1927"]

1. c4 e5 2. Nc3 Nf6 3. e3 d5 4. cxd5 Nxd5 5. d4 Bb4 6. Bd2 exd4 7. exd4 O-O 8.
a3 Re8+ 9. Be2 Bxc3 10. bxc3 Bg4 11. f3 Bf5 12. Kf2 c5 13. c4 cxd4 14. cxd5 d3
15. Bf1 Qb6+ 16. Kg3 Qg6+ 17. Kh4 Qf6+ 18. Bg5 Qd4+ 19. g4 h6 20. Bd2 Nd7 21.
Kg3 Bxg4 22. fxg4 Nf6 23. Bg2 Nxg4 24. Qxg4 Qxa1 25. Nf3 Qf6 26. Nd4 h5 27. Qf4
1-0

[Event "Frankfurt Ch 2014"]
[Site "Ffm-Höchst, BiKuZ"]
[Date "2014.05.26"]
[Round "5.10"]
[White "Blum, Ralph"]
[Black "Reschke, Thomas"]
[Result "0-1"]
[WhiteElo "1897"]
[BlackElo "2090"]
[PlyCount "46"]
[EventDate "2014.??.??"]
[WhiteTeam "SV 1934 Ffm-Griesheim"]
[BlackTeam "SC Frankfurt-West"]

1. d4 g6 2. c4 Bg7 3. Nc3 d6 4. e4 Nd7 5. Be3 e5 6. d5 Ne7 7. Qd2 f5 8. f3 O-O
9. O-O-O Nf6 10. h3 a6 11. Kb1 Bd7 12. Bd3 b5 13. c5 dxc5 14. Bxc5 Rf7 15. Nge2
Nc8 16. exf5 Bxf5 17. Ng3 Nd7 18. Be3 Nd6 19. Nce4 Nf8 20. Rc1 Rc8 21. Rc6 Bxe4
22. Nxe4 Nf5 23. Ng5 Rd7 0-1

[Event "Frankfurt Ch 2014"]
[Site "Ffm-Höchst, BiKuZ"]
[Date "2014.05.26"]
[Round "5.11"]
[White "Seickel, Ralf"]
[Black "Schwenkreis, Thomas"]
[Result "1-0"]
[WhiteElo "1905"]
[BlackElo "2064"]
[PlyCount "89"]
[EventDate "2014.??.??"]
[WhiteTeam "vereinslos"]
[BlackTeam "SC Brett vorm Kopp Ffm"]

1. e4 c5 2. Nf3 Nc6 3. d4 cxd4 4. Nxd4 g6 5. c4 Bg7 6. Nc2 d6 7. Be2 Nf6 8. Nc3
O-O 9. O-O Nd7 10. Be3 b6 11. Qd2 Re8 12. f4 Bb7 13. Rad1 Nc5 14. Bf3 a5 15. b3
Ra6 16. Nd4 Nb8 17. Ndb5 Nbd7 18. e5 Bxf3 19. Rxf3 Ne6 20. exd6 Nf6 21. dxe7
Qxe7 22. Nd5 Nxd5 23. cxd5 Rd8 24. Qe1 Qd7 25. Qe2 Nc5 26. Bf2 Raa8 27. Bxc5
bxc5 28. Qc4 Rac8 29. Re3 Bf6 30. Kh1 Kg7 31. h3 h5 32. Nc3 Bd4 33. Re4 Qf5 34.
Rde1 Qf6 35. Nb5 Bf2 36. Rf1 Bg3 37. Nc3 h4 38. Ne2 Rd7 39. Nxg3 hxg3 40. Re5
Qd8 41. f5 f6 42. Re6 Rxd5 43. fxg6 Rd4 44. Qe2 Kxg6 45. Qe5 1-0

[Event "Frankfurt Ch 2014"]
[Site "Ffm-Höchst, BiKuZ"]
[Date "2014.05.26"]
[Round "5.12"]
[White "Nimsch, Helmut"]
[Black "Djakow, Alexander"]
[Result "1-0"]
[WhiteElo "2016"]
[BlackElo "1747"]
[PlyCount "41"]
[EventDate "2014.??.??"]
[WhiteTeam "SC Brett vorm Kopp Ffm"]
[BlackTeam "vereinslos"]

1. d4 d5 2. c4 c6 3. Nc3 Nf6 4. Nf3 g6 5. Bf4 Nbd7 6. e3 Bg7 7. Bd3 O-O 8. h3
Re8 9. O-O Qa5 10. Qd2 Nh5 11. Bh2 e5 12. g4 exd4 13. exd4 dxc4 14. Bxc4 Nb6
15. Bb3 Nf6 16. Be5 Nbd5 17. Nxd5 Qxd2 18. Nxf6+ Bxf6 19. Nxd2 Bxe5 20. dxe5
Rxe5 21. Rfe1 1-0

[Event "Frankfurt Ch 2014"]
[Site "Ffm-Höchst, BiKuZ"]
[Date "2014.05.26"]
[Round "5.13"]
[White "Zimmermann, Hendrik"]
[Black "Reimer, Otto"]
[Result "1-0"]
[WhiteElo "2173"]
[BlackElo "1793"]
[PlyCount "57"]
[EventDate "2014.??.??"]
[WhiteTeam "SC 1961 König Nied"]
[BlackTeam "SK Bad Homburg 1927"]

1. c4 Nf6 2. g3 g6 3. Bg2 Bg7 4. Nc3 O-O 5. e4 d6 6. Nge2 Nc6 7. O-O e5 8. d3
h6 9. h3 a6 10. Rb1 Rb8 11. Be3 Bd7 12. Qd2 Kh7 13. f4 Qc8 14. Kh2 exf4 15.
Nxf4 Ne5 16. b3 Neg4+ 17. hxg4 Nxg4+ 18. Kg1 Nxe3 19. Qxe3 Bxc3 20. d4 Ba5 21.
b4 Bb6 22. c5 dxc5 23. dxc5 Ba7 24. Nd5 h5 25. Nf6+ Kg7 26. Qd4 Be6 27. Nxh5+
Kh6 28. Qg7+ Kxh5 29. Qh7+ 1-0

[Event "Frankfurt Ch 2014"]
[Site "Ffm-Höchst, BiKuZ"]
[Date "2014.05.26"]
[Round "5.14"]
[White "Kaulfuss, Helmut"]
[Black "Rondonuwu, Grover"]
[Result "1-0"]
[WhiteElo "2086"]
[BlackElo "1911"]
[PlyCount "59"]
[EventDate "2014.??.??"]
[WhiteTeam "SV 1920 Hofheim"]
[BlackTeam "Sabt Frankfurter TV 1860"]

1. e4 c5 2. d3 e6 3. Nd2 Nc6 4. g3 g6 5. Bg2 Bg7 6. Ngf3 Nge7 7. O-O d6 8. Re1
O-O 9. c3 Qc7 10. Qe2 Bd7 11. Nf1 Rae8 12. Be3 e5 13. Qd2 f5 14. Nh4 Nd8 15. f4
Bc6 16. fxe5 Bxe5 17. Bh6 Rf7 18. Ne3 Ne6 19. Rf1 Ng7 20. Rf2 fxe4 21. Rxf7
Kxf7 22. Rf1+ Kg8 23. d4 cxd4 24. cxd4 Bxd4 25. Qxd4 Ne6 26. Qf6 Nd5 27. Nxd5
Bxd5 28. Bh3 Qc5+ 29. Kh1 e3+ 30. Ng2 1-0

[Event "Frankfurt Ch 2014"]
[Site "Ffm-Höchst, BiKuZ"]
[Date "2014.05.26"]
[Round "5.15"]
[White "Egenolf, Dirk"]
[Black "Calvi, Stefan"]
[Result "1/2-1/2"]
[WhiteElo "1906"]
[BlackElo "2054"]
[PlyCount "60"]
[EventDate "2014.??.??"]
[WhiteTeam "SK Niederbrechen 1948"]
[BlackTeam "SF Frankfurt 1921"]

1. Nf3 Nf6 2. g3 g6 3. Bg2 Bg7 4. O-O O-O 5. d3 d5 6. Nbd2 Nbd7 7. c4 c6 8. Rb1
a5 9. b3 Re8 10. Bb2 e5 11. cxd5 Nxd5 12. a3 Nf8 13. Qc2 Bg4 14. h3 Bxf3 15.
Nxf3 Qe7 16. Nd2 Nc7 17. Nc4 Nb5 18. e3 Nd6 19. Rfd1 Nd7 20. a4 Nxc4 21. dxc4
Nf6 22. Rd2 Red8 23. Rbd1 Ne8 24. Bc3 Qc7 25. Rxd8 Rxd8 26. Rxd8 Qxd8 27. Qd2
Qb6 28. Qd1 Qc7 29. Qd2 Qb6 30. Qd1 Qc7 1/2-1/2

[Event "Frankfurt Ch 2014"]
[Site "Ffm-Höchst, BiKuZ"]
[Date "2014.05.26"]
[Round "5.16"]
[White "Seifert, Norbert"]
[Black "Gräbner, Walter"]
[Result "0-1"]
[WhiteElo "1867"]
[BlackElo "1952"]
[PlyCount "94"]
[EventDate "2014.??.??"]
[WhiteTeam "SF Neuberg"]
[BlackTeam "SC 1961 König Nied"]

1. e4 c6 2. Ne2 d5 3. e5 g6 4. Ng3 Bg7 5. f4 h5 6. Bd3 Bg4 7. Ne2 Nh6 8. O-O e6
9. Nbc3 Nd7 10. h3 Qb6+ 11. Kh2 Nc5 12. hxg4 hxg4 13. g3 O-O-O 14. Kg2 Nxd3 15.
cxd3 Nf5 16. Rh1 Rh3 17. Qg1 Qa6 18. Rxh3 gxh3+ 19. Kh2 Qxd3 20. Qf2 Nh6 21.
Kxh3 Rh8 22. Ng1 d4 23. Nd1 Qe4 24. Qf3 Qf5+ 25. Kg2 Ng4 26. Nh3 Nxe5 27. fxe5
Qxh3+ 28. Kf2 Bxe5 29. d3 Qh2+ 30. Qg2 Bxg3+ 31. Kf1 Qh4 32. Bd2 Rh5 33. Rc1
Rf5+ 34. Kg1 Kd7 35. b4 Bf4 36. Rc5 Rxc5 37. bxc5 Bg3 38. Nf2 Bxf2+ 39. Qxf2
Qxf2+ 40. Kxf2 e5 41. Kf3 f5 42. Bh6 Ke6 43. Bg7 Kd5 44. Bf8 e4+ 45. Ke2 g5 46.
Bh6 g4 47. Bf8 b6 0-1

[Event "Frankfurt Ch 2014"]
[Site "Ffm-Höchst, BiKuZ"]
[Date "2014.05.26"]
[Round "5.17"]
[White "Lebermann, Hellmuth"]
[Black "Janke, Christian"]
[Result "1-0"]
[WhiteElo "1865"]
[BlackElo "1949"]
[PlyCount "139"]
[EventDate "2014.??.??"]
[WhiteTeam "SK Bad Homburg 1927"]
[BlackTeam "SV Spr.Siershahn"]

1. Nf3 f5 2. d4 Nf6 3. c4 g6 4. Nc3 Bg7 5. e3 O-O 6. Bd3 d6 7. Rb1 h6 8. O-O
Nc6 9. b4 e6 10. b5 Ne7 11. Bb2 g5 12. Qc2 b6 13. Rbd1 Qe8 14. e4 Nh5 15. exf5
exf5 16. Rfe1 Qf7 17. Qe2 Ng6 18. Nxg5 hxg5 19. Qxh5 Bxd4 20. Qxg5 Be5 21. Na4
Bf4 22. Qh5 Ne5 23. Qh4 Ng6 24. Qh3 Bb7 25. Re2 Ne5 26. Bc2 Qg6 27. Kf1 Kf7 28.
Qxf5+ Qxf5 29. Bxf5 Bxh2 30. Be4 Bxe4 31. Rxe4 Kg6 32. Rdd4 Nd7 33. Rg4+ Kf5
34. g3 Ne5 35. Rdf4+ Ke6 36. Bxe5 dxe5 37. Rxf8 Rxf8 38. Kg2 Rh8 39. Re4 Kf5
40. Re1 Bxg3 41. fxg3 Rd8 42. Re2 Rd3 43. Nb2 Rc3 44. Kf2 e4 45. a4 Ke5 46. g4
Kf4 47. g5 e3+ 48. Kg2 Kxg5 49. Kf3 Kf5 50. Rxe3 Rc2 51. Rb3 Rh2 52. Nd3 Rc2
53. Ke3 Rxc4 54. Rb4 Rc2 55. Rf4+ Ke6 56. Nb4 Rc3+ 57. Kd2 Ra3 58. Nc6 Kd6 59.
Nxa7 Kd7 60. Kc2 Re3 61. Nc6 Ra3 62. Kb2 Rh3 63. Ne5+ Kc8 64. Rf8+ Kb7 65. Nc6
Rb3+ 66. Kc2 Rc3+ 67. Kd2 Rd3+ 68. Ke2 Re3+ 69. Kf2 Re8 70. Nd8+ 1-0

[Event "Frankfurt Ch 2014"]
[Site "Ffm-Höchst, BiKuZ"]
[Date "2014.05.26"]
[Round "5.18"]
[White "Zimpfer, Andreas"]
[Black "Grobe, Detlef"]
[Result "1-0"]
[WhiteElo "1831"]
[BlackElo "1932"]
[PlyCount "55"]
[EventDate "2014.??.??"]
[WhiteTeam "SC Butzbach 2000"]
[BlackTeam "SK 1962 Ladenburg"]

1. d4 Nf6 2. c4 e6 3. Nc3 Bb4 4. e3 Bxc3+ 5. bxc3 b6 6. Bd3 Bb7 7. f3 Nh5 8. h4
f5 9. Ne2 O-O 10. e4 f4 11. e5 g6 12. Bd2 Rf7 13. Qc2 Kg7 14. Be4 Nc6 15. O-O-O
Qc8 16. Rh3 d6 17. exd6 cxd6 18. g4 Nf6 19. Bxf4 Nxe4 20. fxe4 e5 21. Be3 Qxg4
22. Rh2 Na5 23. d5 Nxc4 24. Bg5 Raf8 25. Qd3 Ba6 26. Ng1 h6 27. Be3 Qg3 28.
Bxh6+ 1-0

[Event "Frankfurt Ch 2014"]
[Site "Ffm-Höchst, BiKuZ"]
[Date "2014.05.26"]
[Round "5.19"]
[White "Gutacker, Stephan"]
[Black "Wagner, Dirk"]
[Result "0-1"]
[WhiteElo "1811"]
[BlackElo "1919"]
[PlyCount "110"]
[EventDate "2014.??.??"]
[WhiteTeam "Sfr.1932 Kelkheim"]
[BlackTeam "SC Matt im Park Ffm"]

1. e4 e5 2. Nf3 Nc6 3. d4 exd4 4. Nxd4 Nf6 5. Nc3 Bc5 6. Be3 Bb6 7. Nxc6 bxc6
8. Bxb6 axb6 9. Bd3 O-O 10. O-O d5 11. exd5 cxd5 12. Re1 Be6 13. b3 c6 14. a4
Qd6 15. Qf3 Rfe8 16. h3 Bd7 17. Ne2 c5 18. Ng3 g6 19. Bb5 Bxb5 20. axb5 Kg7 21.
Rad1 Rxe1+ 22. Rxe1 Re8 23. Rxe8 Nxe8 24. c4 d4 25. Ne4 Qe5 26. g4 Nf6 27. Nxf6
Qxf6 28. Qd3 Qg5 29. Kf1 h5 30. gxh5 Qxh5 31. b4 Qg5 32. bxc5 Qxc5 33. Ke2 Kf8
34. f4 f5 35. Kd2 Qd6 36. Qf1 Qb4+ 37. Kc1 Qc3+ 38. Kd1 d3 39. Qf2 Qxc4 40. Qb2
Qa4+ 41. Ke1 Qe4+ 42. Kd1 Kf7 43. Qa2+ Kf6 44. Qa1+ Ke6 45. Qa2+ Kd6 46. Qa3+
Ke6 47. Qa2+ Qd5 48. Qa6 Qc5 49. Kd2 Qc2+ 50. Ke3 Qe2+ 51. Kd4 d2 52. Qxb6+ Kf7
53. Qc7+ Kg8 54. Qd8+ Kg7 55. Kc5 d1=Q 0-1

[Event "Frankfurt Ch 2014"]
[Site "Ffm-Höchst, BiKuZ"]
[Date "2014.05.26"]
[Round "5.20"]
[White "Cichon, Jörg"]
[Black "Achtmann, Armin"]
[Result "0-1"]
[WhiteElo "1649"]
[BlackElo "1915"]
[PlyCount "112"]
[EventDate "2014.??.??"]
[WhiteTeam "Sfr.Mainz 1928"]
[BlackTeam "SAbt TuS Dotzheim"]

1. e4 c6 2. d3 d5 3. Nd2 e5 4. Ngf3 Bd6 5. g3 Nf6 6. Bg2 O-O 7. O-O Qc7 8. c3
Be6 9. Qc2 h6 10. Re1 Nbd7 11. d4 exd4 12. Nxd4 Rfe8 13. b3 Bc5 14. b4 Bxd4 15.
cxd4 dxe4 16. Nxe4 Nxe4 17. Bxe4 Nf6 18. Bb2 Qd6 19. Qc5 Qxc5 20. dxc5 Nxe4 21.
Rxe4 Bd5 22. Rxe8+ Rxe8 23. a3 Re2 24. Bd4 f6 25. h4 Kf7 26. Rc1 Kg6 27. Kf1
Ra2 28. Rc3 Kf5 29. f3 g5 30. hxg5 fxg5 31. Bg7 h5 32. Bf8 h4 33. gxh4 gxh4 34.
Bd6 h3 35. Kg1 Re2 36. Bc7 Ke6 37. Bf4 Kd7 38. Bb8 Kc8 39. Bd6 b6 40. Bf4 bxc5
41. bxc5 Kb7 42. Bd6 Ka6 43. Bb8 Kb5 44. Bxa7 h2+ 45. Kh1 Rf2 46. Bb8 Bxf3+ 47.
Rxf3 Rxf3 48. Bd6 Rxa3 49. Kxh2 Rc3 50. Kg2 Rxc5 51. Bxc5 Kxc5 52. Kf2 Kd4 53.
Ke2 Kc3 54. Kd1 c5 55. Kc1 c4 56. Kb1 Kd2 0-1

[Event "Frankfurt Ch 2014"]
[Site "Ffm-Höchst, BiKuZ"]
[Date "2014.05.26"]
[Round "5.21"]
[White "Kolker, Vladislav"]
[Black "Hochmuth, Christian"]
[Result "1/2-1/2"]
[WhiteElo "1915"]
[BlackElo "1770"]
[PlyCount "48"]
[EventDate "2014.??.??"]
[WhiteTeam "SC Bad Nauheim"]
[BlackTeam "SG Wächtersbach/Sotzbach"]

1. e4 c6 2. Nf3 d5 3. exd5 cxd5 4. Ne5 Nf6 5. d4 g6 6. Bd3 Bg7 7. c3 Nc6 8. f4
Qb6 9. Qe2 Bf5 10. Nd2 Bxd3 11. Qxd3 e6 12. b3 Rc8 13. Bb2 O-O 14. O-O Rfd8 15.
h3 Nd7 16. Kh1 f6 17. Ng4 f5 18. Ne3 Nf6 19. Rad1 Ne4 20. Nxe4 dxe4 21. Qe2 Ne7
22. Rd2 Nd5 23. Nxd5 exd5 24. Qe3 Qa6 1/2-1/2

[Event "Frankfurt Ch 2014"]
[Site "Ffm-Höchst, BiKuZ"]
[Date "2014.05.26"]
[Round "5.22"]
[White "Richter, Tobias"]
[Black "Fröhlich-Dill, Astrid"]
[Result "1-0"]
[WhiteElo "1975"]
[BlackElo "1789"]
[PlyCount "103"]
[EventDate "2014.??.??"]
[WhiteTeam "SV Merseburg"]
[BlackTeam "SV 1920 Hofheim"]

1. d4 Nf6 2. c4 e6 3. Nc3 d5 4. Bg5 Be7 5. g3 h6 6. Bxf6 Bxf6 7. cxd5 exd5 8.
Bg2 c6 9. Nf3 Bf5 10. O-O O-O 11. b4 Qd6 12. Qb3 Nd7 13. e3 b5 14. Nd2 Nb6 15.
e4 Nc4 16. Rfd1 Bg4 17. e5 Bxd1 18. Rxd1 Bxe5 19. dxe5 Qxe5 20. Nf3 Qf6 21. Nd4
a5 22. bxa5 Rxa5 23. Qb4 Ra3 24. Ndxb5 Rb8 25. Bxd5 cxb5 26. Ne4 Qf3 27. Re1
Ne5 28. Nf6+ Qxf6 29. Qxa3 Ng4 30. Qf3 Qxf3 31. Bxf3 Nf6 32. Re5 b4 33. Bd1 Kf8
34. Bb3 g6 35. Kg2 Nd7 36. Ra5 Ke8 37. Ra7 Rd8 38. Ba4 Ke7 39. Rb7 Kd6 40. Rxb4
Kc5 41. Rb5+ Kd6 42. Rb2 Nf6 43. Rd2+ Nd5 44. Bb3 Kc5 45. Kf3 Rd6 46. Rxd5+
Rxd5 47. Bxd5 Kxd5 48. Kf4 f6 49. h4 h5 50. f3 Kc4 51. g4 hxg4 52. fxg4 1-0

[Event "Frankfurt Ch 2014"]
[Site "Ffm-Höchst, BiKuZ"]
[Date "2014.05.26"]
[Round "5.23"]
[White "Kulenovic, Adnan"]
[Black "Plattner, Rolf"]
[Result "1-0"]
[WhiteElo "1913"]
[BlackElo "1740"]
[PlyCount "53"]
[EventDate "2014.??.??"]
[WhiteTeam "SC Springer Rodenbach"]
[BlackTeam "SK Langen"]

1. e4 c5 2. Nf3 d6 3. d4 cxd4 4. Nxd4 Nf6 5. Nc3 a6 6. Bg5 e6 7. f4 Be7 8. Qf3
Qc7 9. O-O-O Nbd7 10. g4 b5 11. Bxf6 gxf6 12. Bg2 Bb7 13. Rhe1 Nb6 14. Rd3 b4
15. Nce2 Rc8 16. c3 Na4 17. Kb1 bxc3 18. Nxc3 Nc5 19. Rde3 Qb6 20. Qe2 O-O 21.
Nd5 Qd8 22. Rh3 Re8 23. g5 Nd7 24. Qh5 Nf8 25. Qh6 fxg5 26. fxg5 Kh8 27. Nf6
1-0

[Event "Frankfurt Ch 2014"]
[Site "Ffm-Höchst, BiKuZ"]
[Date "2014.05.26"]
[Round "5.24"]
[White "Schmitt, Roland"]
[Black "Diehl, Stefan"]
[Result "1-0"]
[WhiteElo "1907"]
[BlackElo "1702"]
[PlyCount "99"]
[EventDate "2014.??.??"]
[WhiteTeam "SK Großsachsen"]
[BlackTeam "SC 1910 Höchst"]

1. d4 Nf6 2. c4 g6 3. Nc3 Bg7 4. e4 d6 5. Nf3 O-O 6. Be2 Nbd7 7. O-O c5 8. d5
Ne8 9. Re1 a6 10. a4 Ne5 11. Nd2 f5 12. f4 Ng4 13. Nf3 Bxc3 14. bxc3 fxe4 15.
Ng5 Ngf6 16. Bf1 Ng7 17. a5 Bf5 18. h3 Rb8 19. g4 Bd7 20. Nxe4 Nxe4 21. Rxe4 e6
22. dxe6 Bxe6 23. Be3 Bf7 24. Qb3 Re8 25. Rxe8+ Qxe8 26. Re1 Qd7 27. Rd1 Qe7
28. Re1 Qd7 29. Bf2 Ne6 30. Bg3 Re8 31. Bg2 Nd8 32. Rd1 Qe7 33. Re1 Qd7 34. Rb1
Nc6 35. Qb6 Bxc4 36. Qxb7 Qxb7 37. Rxb7 Nxa5 38. Rd7 Re3 39. Bh4 Rd3 40. Bf6
Rd1+ 41. Kh2 Rd2 42. Kg3 Bb5 43. Rc7 Nc4 44. Bb7 Rd3+ 45. Kh4 Ne3 46. Kg5 Nd5
47. Rg7+ Kh8 48. Bxd5 Rxd5+ 49. f5 Rd3 50. Rxg6# 1-0

[Event "Frankfurt Ch 2014"]
[Site "Ffm-Höchst, BiKuZ"]
[Date "2014.05.26"]
[Round "5.25"]
[White "Worzelberger, Armin"]
[Black "Göbel, Andreas"]
[Result "1-0"]
[WhiteElo "1766"]
[BlackElo "1900"]
[PlyCount "103"]
[EventDate "2014.??.??"]
[WhiteTeam "SC Grunbach"]
[BlackTeam "SC Brett vorm Kopp Ffm"]

1. e4 c6 2. d4 d5 3. Nc3 dxe4 4. Nxe4 Nd7 5. Bc4 e6 6. Ne2 Ngf6 7. N2g3 Be7 8.
O-O O-O 9. Bf4 b5 10. Bb3 Nb6 11. c3 Nbd5 12. Bd2 Bb7 13. Re1 Qb6 14. Nxf6+
Nxf6 15. Qe2 c5 16. Nf5 Bd8 17. dxc5 Qxc5 18. Nd4 a6 19. Rad1 Nd5 20. Qh5 g6
21. Qh3 Bf6 22. Bh6 Rfe8 23. Nxe6 fxe6 24. Rxe6 Bg7 25. Rxe8+ Rxe8 26. Qd7 Qe7
27. Bxd5+ Bxd5 28. Qxd5+ Kh8 29. Bxg7+ Kxg7 30. Qd7 Kf8 31. Qxe7+ Rxe7 32. Kf1
Re6 33. Rd7 h6 34. f3 Ke8 35. Rh7 g5 36. Kf2 Kf8 37. g4 Kg8 38. Ra7 Kf8 39. f4
gxf4 40. Kf3 Rf6 41. h4 Ke8 42. g5 hxg5 43. hxg5 Re6 44. Kxf4 Re2 45. g6 Kf8
46. Rxa6 Rxb2 47. Ke5 Kg7 48. Kd4 Rd2+ 49. Kc5 Rc2 50. Kb4 Rb2+ 51. Ka3 Rb1 52.
Rb6 1-0

[Event "Frankfurt Ch 2014"]
[Site "Ffm-Höchst, BiKuZ"]
[Date "2014.05.26"]
[Round "5.26"]
[White "Makilla, Tobias"]
[Black "Rutsatz, Mario"]
[Result "0-1"]
[WhiteElo "1762"]
[BlackElo "1896"]
[PlyCount "75"]
[EventDate "2014.??.??"]
[WhiteTeam "SC 1979 Hattersheim"]
[BlackTeam "SF Frankfurt 1921"]

1. e4 e6 2. d4 d5 3. Nd2 Nf6 4. e5 Nfd7 5. Bd3 c5 6. c3 Nc6 7. Ne2 cxd4 8. cxd4
f6 9. Nf4 Qe7 10. Qh5+ Qf7 11. Bg6 hxg6 12. Qxh8 Nxd4 13. O-O Nxe5 14. Nb3 Nxb3
15. axb3 g5 16. Ne2 Bd7 17. Be3 a6 18. Rfc1 Nc6 19. Bb6 Qg6 20. Qg8 Ne7 21. Qh8
Bc6 22. Nd4 Kf7 23. Qh3 g4 24. Qg3 e5 25. Nxc6 Nxc6 26. b4 Bxb4 27. Qb3 Qe4 28.
Bc5 Kg6 29. Bxb4 Nxb4 30. Rc7 b6 31. Rb7 Nc2 32. Rc1 Nd4 33. Qd1 Ne2+ 34. Kh1
Nxc1 35. Qxc1 Rc8 36. Qd1 Rc2 37. f3 Qe2 38. Qg1 0-1